Statystyki dla Największe wyspy świata

Kliknij tutaj aby rozwiązać quiz!

Ogólne statystyki

  • Ten quiz został rozwiązany 1 303 razy
  • Średni wynik to 14 z 27

Statystyki odpowiedzi

Lp.Odpowiedź% Poprawnych
1.Grenlandia2 175 600
93%
4.Madagaskar587 000
83%
4.Madagaskar
83%
7.Wielka Brytania
71%
7.Wielka Brytania242 500
71%
6.Indonezja
66%
8.Japonia
64%
1.Dania
63%
8.Spokojny
60%
2.Spokojny
60%
3.Spokojny
60%
1.Atlantycki
58%
7.Atlantycki
58%
4.Indyjski
57%
6.Indyjski
57%
9.Arktyczny
49%
5.Arktyczny
49%
3.Borneo736 000
46%
8.Honsiu228 000
36%
6.Sumatra425 000
35%
5.Kanada
34%
9.Kanada
34%
2.Nowa Gwinea785 000
31%
5.Ziemia Baffina507 500
17%
2.Indonezja, Papua-Nowa Gwinea
13%
3.Indonezja, Brunei, Malezja
12%
9.Wyspa Wiktorii217 300
11%

Rozkład punktacji

Percentyl według liczby udzielonych odpowiedzi

Procent ludzi z każdym wynikiem

Twoja historia wyników

Nie rozwiązałeś tego quizu